000 00725nam a2200229 i 4500
001 C2-0288189
003 PPAK
005 20180728021337.0
008 080422s2000 my a|||| ||||| | may d
040 _aPPAK
_beng
_cPPAK
_erda
082 0 4 _a324.209595
_223
090 0 0 _a324.209595
_bZUB
_dKZZ
100 0 _aZuber Zain,
_eauthor
245 1 0 _aSiapa sabotaj pencalonan Dr. Mahathir? Menang dalam kalah
_bFokus Kubang Pasu dan Kedah
264 1 _aSelangor :
_bAmalmaster (M) Sdn. Bhd. ,
_c2000
300 _a160 pages :
_bcolour illustrations ;
_c25 cm
336 _2rdacontent
_atext
337 _2rdamedia
_aunmediated
338 _2rdacarrier
_avolume
650 1 0 _aMalaysia - Politics and Government
942 _ddc
_cB
999 _c93822
_d93822